De Kirkegord a Tomás de Aquino (Record no. 41628)
[ view plain ]
| 000 -LEADER | |
|---|---|
| campo de control de longitud fija | 00929nam a2200253 i 4500 |
| 001 - NÚMERO DE CONTROL | |
| campo de control | 41628 |
| 003 - IDENTIFICADOR DE NÚMERO DE CONTROL | |
| campo de control | ES-MaACL |
| 005 - FECHA Y HORA DE LA ÚLTIMA TRANSACCIÓN | |
| campo de control | 20250902063053.0 |
| 007 - CAMPO FIJO DE DESCRIPCIÓN FÍSICA--INFORMACIÓN GENERAL | |
| campo de control de longitud fija | t| |
| 008 - DATOS DE LONGITUD FIJA--INFORMACIÓN GENERAL | |
| campo de control de longitud fija | 030311s1973 ag |||| |dspa d |
| 080 ## - NÚMERO DE LA CLASIFICACIÓN DECIMAL UNIVERSAL | |
| Número de la Clasificación Decimal Universal | 1Kierkegaard, Sören |
| 080 ## - NÚMERO DE LA CLASIFICACIÓN DECIMAL UNIVERSAL | |
| Número de la Clasificación Decimal Universal | 141.32 |
| 100 1# - ENTRADA PRINCIPAL--NOMBRE DE PERSONA | |
| Nombre de persona | Castellani, Leonardo, |
| Fechas asociadas al nombre | 1899-1981 |
| 9 (RLIN) | 158423 |
| 245 10 - MENCIÓN DEL TÍTULO | |
| Título | De Kirkegord a Tomás de Aquino |
| Resto del título | : introducción a la filosofía / |
| Mención de responsabilidad, etc. | Leonardo Castellani. |
| 260 ## - PUBLICACIÓN, DISTRIBUCIÓN, ETC. | |
| Lugar de publicación, distribución, etc. | Buenos Aires : |
| Nombre del editor, distribuidor, etc. | Guadalupe, |
| Fecha de publicación, distribución, etc. | [1973] |
| 300 ## - DESCRIPCIÓN FÍSICA | |
| Extensión | 264 p. ; |
| Dimensiones | 23 cm. |
| 490 1# - MENCIÓN DE SERIE | |
| Mención de serie | Biblioteca pedagógica. Sección III: textos ; |
| Designación de volumen o secuencia | 13 |
| 600 14 - PUNTO DE ACCESO ADICIONAL DE MATERIA--NOMBRE DE PERSONA | |
| Nombre de persona | Kierkegaard, Søren ( |
| Fechas asociadas al nombre | 1813-1855)- |
| Subdivisión general | Crítica e interpretación. |
| 9 (RLIN) | 166022 |
| 600 04 - PUNTO DE ACCESO ADICIONAL DE MATERIA--NOMBRE DE PERSONA | |
| Nombre de persona | Tomás de Aquino |
| Títulos y otros términos asociados al nombre | Santo- |
| Subdivisión general | Crítica e interpretación. |
| 9 (RLIN) | 110513 |
| 650 04 - PUNTO DE ACCESO ADICIONAL DE MATERIA--TÉRMINO DE MATERIA | |
| Término de materia o nombre geográfico como elemento de entrada | Existencialismo. |
| 9 (RLIN) | 12679 |
| 830 0# - PUNTO DE ACCESO ADICIONAL DE SERIE-TÍTULO UNIFORME | |
| Título uniforme | Biblioteca pedagógica. Sección III: textos ; |
| Designación de volumen o secuencia | 13 |
| 9 (RLIN) | 229793 |
| 852 ## - LOCALIZACIÓN | |
| Ubicación | ES-MaACL |
| Número de control de estantería | E-6047 |
| Estatus retirado | Estado de pérdida | Estado de daño | No para préstamo | Biblioteca de origen | Biblioteca actual | Ubicación en estantería | Fecha de adquisición | Fuente de adquisición | Total de préstamos | Signatura topográfica completa | Código de barras | Visto por última vez | Precio de reemplazo | Tipo de ítem Koha |
|---|---|---|---|---|---|---|---|---|---|---|---|---|---|---|
| Biblioteca del Ateneo de Madrid | Biblioteca del Ateneo de Madrid | Depósito 2 | 17/01/2008 | E-6047 | 1043822 | 23/02/2023 | 23/02/2023 | Libro impreso |
